Riconosci la Squadra di calcio - Quiz n°47 - Statistics

Statistiche generali
  • Questo quiz è stato fatto 11 volte
  • Il punteggio medio è 9 su 14
Statistiche sulle risposte
Indizio Risposta % Corretto
Titoli nazionali 0
100%
Trofei nazionali 1 Supercoppa di Lega di Serie C
100%
Simboli Arco di Augusto, ponte di Tiberio
100%
Colori sociali Bianco, rosso
100%
Divisione nazionale 2023-2024 Terza
78%
Confederazione UEFA
56%
Fondazione 1912
44%
Rifondazione 1938
44%
Rifondazione 1994
44%
Rifondazione 2010
44%
Rifondazione 2016
44%
Trofei internazionali 0
33%
Capienza Stadio 9 768 posti
33%
Squadra Rimini
33%
Nessun quiz corrispondente trovato
Distribuzione punteggi
Percentuale di utenti per punteggio
Percentile per numero di risposta
I tuoi punteggi nel tempo
Non hai fatto questo quiz